ՀՀ Գիտությունների ազգային ակադեմիայի հիմնարար գիտական գրադարան  =   Fundamental Scientific Library of NAS RA

Новые данные об элеутерококке и других адаптогенах / (Record no. 207158)

MARC details
000 -LEADER
fixed length control field 01256nam a2200253 u 4500
001 - CONTROL NUMBER
control field 000615160
003 - CONTROL NUMBER IDENTIFIER
control field AM-YeHGA
005 - DATE AND TIME OF LATEST TRANSACTION
control field 20250617135802.0
008 - FIXED-LENGTH DATA ELEMENTS--GENERAL INFORMATION
fixed length control field 081126s1981 ||||||||r|||||000|0|rus|d
040 ## - CATALOGING SOURCE
Original cataloging agency AM-YeHGA
041 0# - LANGUAGE CODE
Language code of text/sound track or separate title rus
090 ## - LOCALLY ASSIGNED LC-TYPE CALL NUMBER (OCLC); LOCAL CALL NUMBER (RLIN)
-- 208662
245 00 - TITLE STATEMENT
Title Новые данные об элеутерококке и других адаптогенах /
Statement of responsibility, etc. Редкол.: С.Е. Ли (отв. ред.) и др.; АН СССР, Дальневосточный научный центр, Институт биологии моря.
246 15 - VARYING FORM OF TITLE
Title proper/short title New data on eleutherococcus and other adaptogenes
260 ## - PUBLICATION, DISTRIBUTION, ETC.
Place of publication, distribution, etc. Владивосток :
Name of publisher, distributor, etc. ДВНЦ АН СССР,
Date of publication, distribution, etc. 1981.
300 ## - PHYSICAL DESCRIPTION
Extent 188 с. :
Other physical details ил. ;
Dimensions 26 см.
504 ## - BIBLIOGRAPHY, ETC. NOTE
Bibliography, etc. note Библиогр. в конце ст.
650 14 - SUBJECT ADDED ENTRY--TOPICAL TERM
Topical term or geographic name entry element Лекарственные растения
650 14 - SUBJECT ADDED ENTRY--TOPICAL TERM
Topical term or geographic name entry element Элеутерококк
General subdivision Фармакология
650 14 - SUBJECT ADDED ENTRY--TOPICAL TERM
Topical term or geographic name entry element Растений экстраты
General subdivision Биосинтез
-- Фармакокинетика
650 14 - SUBJECT ADDED ENTRY--TOPICAL TERM
Topical term or geographic name entry element Физиологически активные вещества
700 1# - ADDED ENTRY--PERSONAL NAME
Personal name Ли, С.Е.
Relator term ред.
Relationship edt
710 2# - ADDED ENTRY--CORPORATE NAME
Corporate name or jurisdiction name as entry element Дальневосточный научный центр, Институт биологии моря АН СССР
Holdings
Withdrawn status Lost status Damaged status Not for loan Collection Home library Current library Date acquired Total checkouts Full call number Barcode Date last seen Price effective from Koha item type Public note
        General Fundamental Scientific Library Fundamental Scientific Library 29/12/2016   PII/502560 FL0230343 29/12/2016 29/12/2016 Գրքեր / Books 30 Days Loan
        General Fundamental Scientific Library Fundamental Scientific Library 29/12/2016   PII/507154 FL0220348 29/12/2016 29/12/2016 Գրքեր / Books 30 Days Loan


ՀՀ ԳԱԱ հիմնարար գիտական գրադարան
ՀՀ,Երևան 0019
Մարշալ Բաղրամյան 24/6
հեռախոս:(374-10) 52-47-50
Հետադարձ կապ

All site content, except where otherwise noted, is licensed under a
Creative Commons License